000 00653nam a2200277Ia 4500
005 20260324140855.0
008 008 260324s9999 xx 000 0 eng d
020 _a9780203699942
037 _aEBOOK
040 _aCRL
040 _beng
040 _cCRL
041 _2eng
041 _aeng
084 _qCRL
100 _aPeter Galison; Caroline A. Jones
_91206062
245 0 _aPicturing Science, Producing Art
260 _bTaylor and Francis
260 _c1998
365 _a
365 _b230
856 _uhttp://www.taylorfrancis.com/books/9780203699942
942 _cEBOOK
999 _c1808572
_d1808572